Meilleurs réalisateurs dans le Tournoi des Six Nations. - Statistiques

Statistiques générales
  • Ce quiz a été pris 22 fois
  • Le résultat moyen est 6 sur 10
Statistiques - réponses
Joueur % Correct
Thomas Ramos
95%
Finn Russell
86%
Jonathan Sexton
86%
Jonny Wilkinson
86%
Owen Farrell
67%
Ronan O'Gara
62%
Leigh Halfpenny
43%
Stephen Jones
19%
Chris Paterson
14%
Neil Jenkins
14%
Aucun quiz correspondant
Distribution des résultats
% des personnes avec chaque résultat
Percentile par nombre de réponses
Votre historique - résultats
Vous n’avez pas pris ce quiz